[Event "Olympiad-36"]
[Site "Mallorca"]
[Date "2004.10.23"]
[Round "8"]
[White "Hebden, Mark"]
[Black "Ruck, Robert"]
[Result "0-1"]
[WhiteElo "2550"]
[BlackElo "2562"]
[Annotator "Finkel,A"]
[PlyCount "107"]
[EventDate "2004.10.15"]
[EventType "team-swiss"]
[EventRounds "14"]
[EventCountry "ESP"]
[SourceTitle "CBM 104"]
[Source "ChessBase"]
[SourceDate "2005.01.27"]
[SourceVersion "1"]
[SourceVersionDate "2005.01.27"]
[SourceQuality "1"]
[WhiteTeam "England"]
[BlackTeam "Hungary"]
[WhiteTeamCountry "ENG"]
[BlackTeamCountry "HUN"]

1. d4 Nf6 2. Nf3 g6 3. Nc3 {Hebden is a leading expert in this rare line, even
though his latest results are not too encouraging.} d5 4. Bf4 Bg7 5. e3 O-O 6.
Be2 c5 (6... b6 $5) 7. Ne5 Nc6 ({White keeps little advantage after} 7... cxd4
8. exd4 e6 9. O-O Nfd7 10. Re1 Nxe5 11. Bxe5 Bh6 (11... Bxe5 12. dxe5 $14) 12.
Nb5 Nc6 13. Bd6 Re8 14. Bg3 $14 {1-0 Balashov,Y-Gufeld,E/SSSR-ch 1969 (65)}) 8.
O-O cxd4 (8... Ne4 $6 9. Nxe4 dxe4 10. Nxc6 bxc6 11. c3 Qb6 12. Qc2 $14 {
[%csl Re4]} cxd4 13. cxd4 Be6 14. b3 $6 Bd5 15. Rfc1 h6 16. h4 $5 (16. Rab1 {
Finkel,A} g5 17. Bg3 f5 18. Be5 Bxe5 19. dxe5 f4 20. Qc3 $13) 16... Rfc8 $13 {
Roselli Mailhe,B-Perdomo,L/Buenos Aires 2003}) (8... Bf5 9. g4 (9. Re1 Qa5 10.
Qd2 Rfd8 11. a3 c4 12. b4 Qb6 13. f3 Ne8 $132 {Chatalbashev,B-Efimenko,Z/Ohrid
2001}) 9... cxd4 10. exd4 Be6 11. Nxc6 bxc6 12. Na4 Qc8 13. f3 Nd7 14. b4 a5
$15 {Fenoglio,V-Rossetto,H/Mar del Plata 1943}) (8... Nd7 9. Nxd7 Bxd7 10. dxc5
e5 11. Bg3 Be6 12. Na4 Qa5 13. c3 b5 14. cxb6 axb6 15. b3 Rfc8 $44 {Cobb,
C-Buckley,S/Monmouth 2000}) 9. exd4 Qb6 {Black has quite a few satisfactory
options:} (9... Bf5 10. Nxc6 bxc6 11. Be5 Ne4 12. Nxe4 Bxe5 13. dxe5 Bxe4 $11 {
Tomczak,R-Nunn,J/Germany 1999/GER-chT2}) (9... Nd7 10. Nf3 Nb6 11. h3 f6 12. a4
a5 13. Bb5 Bf5 14. Re1 Nb4 15. Rc1 Rc8 $13 {Hebden,M-Akesson,R/Port Erin 2000})
10. Nxc6 Qxc6 (10... bxc6 11. Na4 Qa5 12. c3 Nd7 13. b4 Qd8 14. Qd2 e5 15. Bh6
Bxh6 16. Qxh6 $14 {Hebden,M-Nunn,J/Hastings 1996}) 11. Re1 {[%cal Ge2b5]} (11.
Bf3 Ne4 (11... Bf5 $5 12. Re1 Rfe8 $11) 12. Bxe4 dxe4 13. Re1 f5 14. d5 Qb6 15.
d6 exd6 16. Bxd6 Re8 $15 {Sznapik,K-Apicella,M/Avoine op 1996}) 11... a6 (11...
Bf5 12. Bb5 Qb6 13. a4 Qd8 14. Na2 $6 Ne4 15. c3 Nd6 16. Nb4 Nxb5 17. axb5 Qd7
$13 {Hebden,M-Gormally,D/London 2000}) 12. a4 Bf5 (12... b6 13. Bf3 e6 14. Be5
Bd7 15. Qd2 Rfc8 16. h4 b5 17. Re2 Qc4 18. h5 Qb4 19. Ra2 Qf8 20. Qf4 $14 {
Karadeniz,E-Vokarev,S/Istanbul 2003}) 13. a5 Rad8 14. Bf1 {This move appears
to be a novelty. In one his previous games Hebden succeeded to get some
opening advantage after} (14. Qc1 Rfe8 15. Ra3 Ne4 16. Nxe4 dxe4 17. c3 e5 18.
dxe5 Bxe5 19. Bxe5 Rxe5 20. Qe3 $14 {Hebden,M-Ledger,D/Birmingham 2000}) 14...
Rfe8 15. h3 Ne4 $5 {Intending to put a pressure on the d4 pawn in the nearest
future.} 16. Nxe4 (16. Na2 $6 Qa4 $1 {[%csl Ra5,Rd4]}) (16. Ne2 $5 $13) 16...
dxe4 {[%csl Rd4]} 17. c3 e5 18. Be3 exd4 19. cxd4 Qd5 20. Qa4 (20. Qd2 Bd7 21.
Rac1 Rc8 $11) 20... Bd7 21. Qb4 Rc8 22. Rec1 Bc6 23. Rc3 (23. Bc4 Qf5 24. Rc3
Bd5 25. Bxd5 Qxd5 26. Rac1 Rxc3 27. bxc3 $13) 23... Bf8 24. Qb6 Qd7 25. Rac1
Bd5 26. Bf4 (26. Rxc8 Rxc8 27. Rxc8 Qxc8 28. Bf4 Be7 $11) 26... Qf5 27. Be5
Rxc3 28. Rxc3 Be7 29. g4 (29. Bc4 $2 Bxc4 30. Rxc4 Bh4 31. g3 e3 $1 32. fxe3
Qf3 $1 33. gxh4 Qxe3+ 34. Kg2 Qe2+ 35. Kg3 Qxc4 36. Qf6 Qd3+ 37. Kg2 Qd2+ 38.
Kg3 Qe1+ 39. Kg2 Rxe5 $15) 29... Qd7 30. Bc4 $6 {Missing black's 31th move
after which white finds himself on defensive.} (30. Rc7 Qd8 31. Rxb7 (31. b3 $5
) 31... Bxb7 32. Qxb7 f6 33. Bf4 Qxa5 34. Qc6 $44) 30... Bxc4 31. Rxc4 e3 $1
$40 32. fxe3 Qd5 {An exposed position of the white king is a main sourse of
white's problems.} 33. Qc7 (33. Rc7 Bg5 $1 (33... Qf3 34. Rxe7 Qxe3+ 35. Kg2
Qe2+ $11) 34. Qxb7 Rxe5 $1 35. dxe5 Bxe3+ 36. Kh2 Bf4+ 37. Kg1 Qd1+ 38. Kg2
Qe2+ $19) 33... Bg5 34. Rc3 (34. Kf2 Bh4+ 35. Kg1 Qf3 36. Rc2 Bg5 $40) 34...
Qf3 35. Bf4 Qxh3 $1 36. Bxg5 (36. Qxb7 Bxf4 37. exf4 Qxg4+ $19) 36... Qxg4+ 37.
Kf2 Qxg5 38. Qxb7 Qxa5 $19 39. Qd7 (39. Rc8 $2 Qf5+ $19) 39... Re6 $1 40. d5
Rf6+ 41. Ke2 Qb4 42. Rc2 Kg7 43. Qc7 Qg4+ 44. Kd3 Qd1+ 45. Ke4 h5 46. Qc3 Qf3+
47. Kd4 h4 48. e4 Qf4 49. Qe3 Qg4 50. Rf2 $6 (50. b4 Rf1) 50... Rxf2 51. Qxf2
h3 52. Qh2 (52. d6 f5 53. d7 Qd1+ 54. Ke5 Qxd7 $19) 52... Qg2 53. Qe5+ Kh7 54.
Qf6 0-1

[Event "Olympiad-36"]
[Site "Mallorca"]
[Date "2004.10.27"]
[Round "12"]
[White "Speelman, Jonathan S"]
[Black "Zhigalko, Andrey"]
[Result "1-0"]
[WhiteElo "2555"]
[BlackElo "2515"]
[Annotator "Finkel,A"]
[PlyCount "77"]
[EventDate "2004.10.15"]
[EventType "team-swiss"]
[EventRounds "14"]
[EventCountry "ESP"]
[SourceTitle "CBM 104"]
[Source "ChessBase"]
[SourceDate "2005.01.27"]
[SourceVersion "1"]
[SourceVersionDate "2005.01.27"]
[SourceQuality "1"]
[WhiteTeam "England"]
[BlackTeam "Belarus"]
[WhiteTeamCountry "ENG"]
[BlackTeamCountry "BLR"]

1. d4 Nf6 2. Bg5 d5 3. Nd2 c6 4. e3 Bg4 (4... Bf5 5. Bd3 $5 Bxd3 (5... Bg6 6.
Ngf3 Nbd7 7. Qe2 (7. O-O Ne4 8. Bf4 e6 9. Ne5 Nxe5 10. Bxe5 f6 $11 {Fernandez
Romero,E-Suba,M/Seville 2002}) 7... Ne4 8. Bxe4 dxe4 9. Nh4 Qa5 10. Nxg6 hxg6
11. Bf4 O-O-O $13 {Opocensky,K-Jezek,J/Prague 1953}) 6. cxd3 Nbd7 (6... e6 7.
Ngf3 h6 8. Bh4 Be7 9. O-O O-O 10. Ne5 Nfd7 11. Bxe7 Qxe7 $11 {Bae,T-Dannevig,O/
Kristiansund 2001}) 7. f4 e6 8. Ngf3 Be7 9. O-O O-O 10. e4 Ne8 11. Bxe7 Qxe7
12. Qb3 Rb8 $11 {Moiseenko,A-Hulak,K/Istanbul 2003}) 5. Be2 {A harmless
variation wich turned out to lead to a crushing defeat!} (5. f3 Bh5 (5... Bf5
6. c4 Nbd7 7. cxd5 cxd5 8. Qb3 Qb6 9. Rc1 e6 10. Qxb6 axb6 11. Bb5 Bd6 12. e4
dxe4 13. Bxf6 gxf6 14. fxe4 {1/2-1/2 Dishman,S-Littlewood,P/West Bromwich 2002}
) 6. Ne2 Nbd7 7. Bh4 Bg6 8. g4 h6 9. Bg3 Qb6 10. Nb3 a5 11. a4 e6 12. Nf4 Bh7
$13 {Roj,M-Cerny,M/Czechia 1996}) 5... Bxe2 6. Qxe2 (6. Nxe2 e6 7. e4 dxe4 8.
Nxe4 Qa5+ 9. Bd2 Qd5 10. Nxf6+ gxf6 11. f3 Rg8 12. O-O Nd7 $132 {Brandics,
J-Karsa,L/Hungary 1992}) 6... Nbd7 7. Ngf3 e6 8. O-O Be7 9. c4 O-O 10. Rfc1 Rc8
(10... Ne4 11. Bxe7 Qxe7 12. Ne5 $6 Nxe5 13. dxe5 Nxd2 14. Qxd2 Rad8 15. c5 f6
$15 {Dishman,S-Miles,A/England 1998}) 11. Rc2 dxc4 $6 {Very dubious decision.
There was no nedd to give up control over the center. After correct} (11... c5
12. Rac1 cxd4 13. Nxd4 Ne5 14. b3 Qd7 $11 {the position would've remained
balanced.}) 12. Qxc4 h6 13. Bh4 Nd5 14. Bxe7 Qxe7 15. Qb3 Rc7 {[%csl Rc7][%cal
Gc2c7]} ({I guess it would've been easier for black to defend without the
queens, even though white would've kept some pressure anyway} 15... Qb4 16. e4
Qxb3 17. Nxb3 (17. axb3 Nb4 18. Rc4 Na6 $11) 17... N5f6 18. Re1 Rfd8 19. Na5
$14 {[%csl Rb7,Rc6]}) 16. e4 N5b6 17. Rac1 Rfc8 18. h3 Nf8 (18... e5 19. a4 Rd8
20. d5 $14) 19. a4 Ng6 20. a5 Na8 (20... Nd7 21. e5 Nf4 22. Ne4 Nb8 23. Nd6 Rd8
24. Qe3 Nd5 25. Qe4 $14) 21. Nc4 {[%cal Ge4e5,Gc4d6] It's amazing how easily
an English gandmaster succeeded to increase his advantage.} b6 $6 22. axb6 axb6
23. e5 $16 {[%csl Ra8,Rb6,Rc6]} Rd8 24. Nd6 c5 (24... Qd7) 25. Nb5 Rcd7 26. Qe3
$6 {Trying to avoide the complications arising after} (26. dxc5 $142 $1 bxc5
27. Rxc5 Nf4 {however it was has} 28. Nbd4 {and black is in troubles.} Rxd4 29.
Nxd4 Rxd4 30. Rc8+ Kh7 (30... Rd8 31. Qb8 $18) 31. Qc2+ g6 32. Qc6 $1 (32. Rxa8
Qg5 33. g3 Nxh3+ 34. Kh2 Nxf2 $132) 32... Ne2+ 33. Kh1 Nxc1 34. Qxa8 g5 35. g4
$18) 26... cxd4 27. Nbxd4 {[%cal Gd4c6]} Rf8 $6 {Black doesn't take a chance
to put up a resistance after} (27... Qe8 $5 28. Nc6 Rd1+ 29. Rxd1 Rxd1+ 30. Kh2
Ne7 31. Nfd4 Nxc6 32. Nxc6 Rd7 $14 {and white's edge is minimal.}) 28. Nc6 Qe8
29. b4 Rb7 (29... Ne7 30. Nfd4 Nd5 31. Qe4 Nac7 32. b5 $14) 30. Qe4 Kh8 31. b5
Nc7 $2 (31... Rd7) 32. Ne7 $1 $18 Nd5 33. Nxd5 exd5 34. Qxd5 Re7 35. Re1 f6 36.
e6 Nf4 37. Qf5 Rxe6 38. Rxe6 Nxe6 39. Re2 1-0

[Event "Bundesliga 0102"]
[Site "Germany"]
[Date "2001.11.25"]
[Round "4.3"]
[White "Hodgson, Julian M"]
[Black "Schandorff, Lars"]
[Result "0-1"]
[WhiteElo "2581"]
[BlackElo "2551"]
[Annotator "Finkel,A"]
[PlyCount "112"]
[EventDate "2001.10.06"]
[EventType "team-tourn"]
[EventRounds "15"]
[EventCountry "GER"]
[SourceTitle "CBM 087"]
[Source "ChessBase"]
[SourceDate "2002.03.21"]
[SourceVersion "1"]
[SourceVersionDate "2002.03.21"]
[SourceQuality "1"]
[WhiteTeam "Luebeck"]
[BlackTeam "Werder Bremen"]
[WhiteTeamCountry "GER"]
[BlackTeamCountry "GER"]

1. d4 d5 2. Bg5 $5 {Hodgson's pet variaiton. (on both Nf6 and d5).These
positions require a special posiitonal understanding.} h6 (2... c6 3. e3) 3.
Bh4 c6 4. Nf3 Qb6 5. Qc1 (5. b3 Bf5 6. e3 Nd7 (6... Qa5+ 7. Qd2 Qxd2+ 8. Kxd2
g5 9. Bg3 Nf6 10. Bd3 Ne4+ 11. Bxe4 Bxe4 12. Ne1 Nd7 13. f3 Bh7 14. Nd3 e6 15.
Nc3 Rg8 16. e4 f6 $11 {Thorfinnsson,B-Markowski,T/Reykjavik ISL 2000}) 7. Bd3
Bxd3 8. Qxd3 Ngf6 9. O-O e6 10. Nbd2 Be7 11. c4 O-O $11) 5... g5 (5... Bf5 6.
c4 (6. e3 e6 (6... Nd7 7. Nbd2 Ngf6 8. c4 e6 9. c5 Qd8 10. h3 Be7 11. Bg3 O-O
12. b4 $14 {Ochs,H-Ottstadt,R/BL2-O 9495}) 7. c4 g5 8. Bg3 Bg7 9. Nc3 Nd7 10.
Be2 Qd8 11. Qd1 Ngf6 12. Ne5 O-O $13 {Foldi,I-Varga,Zo/HUN-chT1 9495}) 6... e6
(6... Nd7 7. Nc3 Ngf6 (7... dxc4 8. e4 Bg4 9. Qe3 Bxf3 10. Qxf3 Qxd4 11. Rd1
Qc5 12. Rxd7 $1 $36 {Hodgson,J-Andonov,B/Sochi/1987}) 8. c5 Qd8 9. b4 g5 10.
Bg3 Nh5 11. e3 Bg7 12. Qd1 Nxg3 13. hxg3 e5 14. dxe5 Nxe5 15. Nd4 $14 {Hodgson,
J-Van der Wal,J/Leeuwarden op (05)/1993}) 7. Nc3 Be7 8. Bg3 Nf6 9. e3 (9. c5
Qd8 10. e3 O-O 11. h3 (11. Be2 b6 12. b4 a5 13. a3 Qc8 14. Na4 Nbd7 15. Ne5 Qb7
16. Nxc6 Qxc6 17. b5 Qb7 18. c6 Qa7 19. cxd7 Nxd7 20. Qb2 {1/2-1/2 Hodgson,
J-Chernin,A/Pardubice (02)/1993/}) 11... Nbd7 12. b4 Ne4 13. Nxe4 Bxe4 14. Nd2
Bg6 15. Qc3 Bh4 16. Bd6 Re8 17. Bd3 Bxd3 18. Qxd3 e5 19. O-O a6 20. a4 e4 21.
Qe2 Re6 $11 {Hodgson,J-Turner,M/Kilkenny IRL 1999}) 9... Nbd7 10. c5 Qd8 11.
Be2 Ne4 12. Nxe4 Bxe4 13. b4 Bxf3 14. gxf3 $14) (5... Bg4 6. Nbd2 Nd7 7. e3 e6
8. c4 Be7 9. Bg3 Ngf6 10. Bd3 Bxf3 11. Nxf3 Qa5+ 12. Nd2 Nh5 13. a3 Nxg3 14.
hxg3 dxc4 15. Qxc4 O-O 16. b4 Qd5 17. Be4 Qd6 18. Nb3 e5 19. Rd1 Bf6 $2 (19...
Rad8 20. d5 $140 Nf6) 20. d5 Nb6 21. Qc5 Rad8 22. Qxd6 Rxd6 23. dxc6 Rxd1+ 24.
Kxd1 bxc6 25. Na5 $16 {Hodgson,J-Gurevich,M/Delmenhorst GER}) 6. Bg3 g4 7. Ne5
(7. Be5 f6 8. Bxb8 gxf3 (8... Rxb8 9. Nh4 Qxd4 10. e3 Qb6 11. Bd3 h5 $5 $13) 9.
Bg3 fxg2 10. Bxg2 Qxd4 $15 {is another creative attempt that also fails to net
compensation for a healthy center pawn.}) 7... Qxd4 8. c4 {White has to act
quickly in order to get sufficient compensation for the pawn.} (8. Nd2 Nd7 $5
9. c3 Qb6 10. Nxg4 h5 11. Ne5 Nxe5 12. Bxe5 f6 13. Bf4 e5 14. Be3 c5 $13 {
Djurhuus,R-Borge,N/Reykjavik 1996/CBM 52}) (8. c3 $6 Qb6 9. c4 Bg7 10. cxd5 Nd7
11. Nxd7 Bxd7 12. Nc3 Nf6 13. d6 Nd5 14. Qd2 Nxc3 15. bxc3 exd6 $17 {Laxman,
R-Sandipan,C/Calcutta 1999/CBM 69 ext}) (8. e3 Qb6 9. c4 Nd7 10. cxd5 Bg7 11.
Nc4 Qb4+ 12. Nc3 cxd5 13. a3 Bxc3+ 14. bxc3 Qc5 $13 {Astrom,R-Hector,J/
Goteborg 1999/CBM 69}) 8... Bg7 (8... Nf6 9. Nc3 Be6 10. e3 Qb6 11. cxd5 cxd5
12. Bb5+ Nc6 13. a4 a5 14. Ne2 Bd7 $13 {Hodgson,J-Ziatdinov,R/Guernsey 1991/
EXT 97}) 9. e3 Qc5 10. Nd2 Nd7 11. Nd3 Qb6 12. a4 Nc5 13. cxd5 Nxd3+ 14. Bxd3
cxd5 ({Too dangerous is} 14... Bxb2 15. a5 Qb4 16. Qb1 Nf6 17. Ra4 Qxa4 18.
Qxb2 Qxa5 19. d6 Bf5 20. e4 $44 {and black finds himself under quiet
unpleasent pressure; Hodgson,J-Lalic,B 1995}) 15. Bb5+ Kf8 16. O-O a6 $5 {
Deviating from16...Bf5, which braught black full success in the previous game
played by Hodgson in this variation.} (16... Bf5 $5 17. Bc7 Qg6 18. Qc5 Nf6 19.
a5 a6 20. Ba4 Ne8 $13 {[%csl Rb2][%cal Yf8g7,Gg7b2] Hodgson,J-Godena,M/
Mondariz 2000/CBM 79}) 17. e4 $5 {Nice move!} Be6 ({Of course not} 17... axb5
$2 18. axb5 {[%csl Rc8]} Bxb2 $8 19. Qxb2 Rxa1 20. Rxa1 $16 {and black is in
troubles.}) 18. exd5 Bxd5 19. Bc4 Rc8 $1 ({Another possibility was} 19... Bxb2
$6 20. Rb1 (20. Qb1 $1 Qd4 (20... Nf6 $2 21. Bxd5 Nxd5 22. Nc4 $18) 21. Ra2 (
21. Bxd5 $5 Bxa1 22. Bxb7 Ra7 23. Bc6 Bc3 24. Ne4 $44 {[%cal Gf1d1,Gb1b8]})
21... Bxc4 22. Nxc4 Qxc4 23. Rxb2 Qxa4 24. Rxb7 Nf6 25. Re1 $36) 20... Bxc1 21.
Rxb6 Bxc4 22. Nxc4 Bg5 23. Rxb7 Kg7 $13) 20. Bxd5 $5 {An attempt to complicate
the matters even more.} Rxc1 21. Raxc1 Bxb2 $5 ({I failed to find sufficient
compensation for the queen also after} 21... Bf6 $5 22. Rc8+ Kg7 23. Nc4 Qb4
24. Rb8 b5 $17) 22. Rc8+ Kg7 23. Nc4 Qb4 24. Rb1 {[%cal Gb1b4]} Nf6 25. Rxh8
Kxh8 26. Bxf7 Kg7 27. Be6 Qxa4 28. Nxb2 Qc2 $19 {An end of forced variation
started with 21...B:b2! White has restored the material balance, but his
pieces desperately lack coordination which evantually decides the game in
black's favor.} 29. Ba2 a5 {[%csl Ra2,Rb1,Rb2][%cal Ga5a3]} 30. Be5 a4 31. Rd1
(31. Rf1 a3 32. Bb1 Qe2 33. Nd3 a2 $19) 31... a3 {Winning a piece.} 32. Bb1 Qe2
33. Bc3 axb2 34. Re1 Qc4 $1 35. Bxb2 (35. Rxe7+ Kf8 36. Bxf6 Qc1+ $19) 35...
Kf7 {The rest is easy technical job.} 36. Bf5 b5 37. h3 gxh3 38. Bxh3 Ne4 39.
Bf5 Nd6 40. Bh7 Qb4 41. Re2 Nc4 42. Bh8 Qd6 43. Bc2 Qb8 44. Bd4 Qd6 45. Bh8 Kg8
46. Bc3 Qa3 47. Be1 Kf7 48. Be4 e6 49. Bf3 b4 50. Bg4 e5 51. f4 Qa1 52. Bf3 b3
53. Bd5+ Kg7 54. Kh2 (54. Bxc4 Qd4+ $19) 54... Qd4 55. Be4 exf4 56. Bf2 Ne3 0-1

[Event "Olympiad-36"]
[Site "Mallorca"]
[Date "2004.10.18"]
[Round "4"]
[White "Rogers, Ian"]
[Black "Ye, Jiangchuan"]
[Result "0-1"]
[WhiteElo "2593"]
[BlackElo "2649"]
[Annotator "Finkel,A"]
[PlyCount "70"]
[EventDate "2004.10.15"]
[EventType "team-swiss"]
[EventRounds "14"]
[EventCountry "ESP"]
[SourceTitle "CBM 104"]
[Source "ChessBase"]
[SourceDate "2005.01.27"]
[SourceVersion "1"]
[SourceVersionDate "2005.01.27"]
[SourceQuality "1"]
[WhiteTeam "Australia"]
[BlackTeam "China"]
[WhiteTeamCountry "AUS"]
[BlackTeamCountry "CHN"]

1. d4 Nf6 2. Nf3 g6 3. Nc3 d5 4. Bf4 Bg7 5. e3 O-O 6. Be2 Bg4 7. Ne5 Bxe2 8.
Qxe2 c6 9. O-O-O Nh5 {Quite risky decision trading a very important defender.
However black seems to be just on time with his counterplay in the center.} (
9... b5 10. Kb1 a5 11. h4 a4 12. a3 Qb6 13. h5 b4 14. axb4 Qxb4 15. Na2 Qb6 16.
hxg6 fxg6 $13 {Murshed,N-Kozul,Z/Sharjah 1985}) (9... Qa5 10. Qe1 Rc8 11. Kb1
c5 12. e4 $2 cxd4 13. Rxd4 Rxc3 14. Qxc3 Qxc3 15. bxc3 Nxe4 $17 {Burgess,
G-Jasnikowski,Z/Odense 1991}) (9... Nbd7 10. h4 Nxe5 (10... Ne4 11. Nxe4 dxe4
12. h5 Nxe5 13. dxe5 Qa5 14. hxg6 hxg6 15. Qg4 Qxa2 16. c3 Rfd8 $13 {Pedersen,
S-Mortensen,E/Aars 1999}) 11. Bxe5 Nd7 12. Bxg7 Kxg7 13. h5 Nf6 14. g4 Qd6 15.
f4 b5 16. hxg6 hxg6 17. g5 Nh5 $11 {Wirthensohn,H-Ekstroem,R/Zuerich 1994}) 10.
h4 (10. g4 Nxf4 11. exf4 e6 12. Na4 Nd7 13. h4 Nxe5 14. fxe5 Qa5 15. b3 c5 $13
{Vescovi,G-Jakobsen,O/Copenhagen 1995}) 10... Nd7 11. g4 Nxf4 12. exf4 Nxe5 (
12... e6 13. h5 Nxe5 14. dxe5 f6 15. hxg6 hxg6 16. Qd3 fxe5 17. Qxg6 Qf6 $15 {
Wirthensohn,H-Gheorghiu,F/Switzerland 1999}) 13. fxe5 f6 14. exf6 $2 {Opening
up an f-file for the black pieces was't justified. More in the spirit of the
position was} (14. e6 $142 $5 Qd6 15. Qe3 f5 16. g5 f4 17. Qh3 Rf5 18. Rde1 f3
$13) (14. f4 $144 fxe5 15. fxe5 e6 16. h5 Qg5+ 17. Kb1 Rf4 $15) 14... Rxf6 {
[%csl Rf2]} 15. g5 Rf7 16. h5 Qd6 $15 {Black king feels pretty safe, while the
pawns on f2 and d4 are the sourse of white's problems.} 17. hxg6 hxg6 18. Kb1
Raf8 19. Qg4 Rxf2 20. Ne2 (20. Qh3 $6 R8f5 $17) 20... e5 21. dxe5 Qxe5 22. Nd4
Rh2 $6 {Permitting white to escape with a draw. Much better was} (22... Re8 $1
{[%csl Ge6] taking square e6 under control.}) 23. Rxh2 Qxh2 24. Qe6+ $6 {
For some reason Rogers comes to e6 with the wrong piece.} (24. Ne6 $142 $1 Qe5
25. Nxg7 Kxg7 26. Rh1 Kg8 (26... Qe4 27. Qd7+ Rf7 28. Rh7+ $11) 27. Qh3 Qg7 28.
Qe6+ Qf7 29. Qh3 $11) 24... Kh7 25. Qd7 Qe5 26. c3 Rf2 27. Qxb7 c5 28. Nc2 $6 {
May be white was trying to play for a win, however he had nop objective
reasons to do so.} (28. Rh1+ Rh2 (28... Kg8 29. Qc8+ Bf8 30. Qh3 Bg7 31. Qc8+
$11) 29. Rxh2+ Qxh2 30. Nb3 (30. Ne6 $2 Qh1+ 31. Kc2 Qe4+ $19) 30... d4 31.
cxd4 cxd4 32. Nc5 Qg1+ $15) 28... Rh2 29. a3 $6 (29. Qb5) 29... Qf5 30. Rc1 d4
$19 31. Qc7 Rh3 32. cxd4 cxd4 33. Ka1 d3 34. Nd4 Qf2 35. Qc8 Rh4 0-1

[Event "EU-ch 2nd"]
[Site "Ohrid"]
[Date "2001.06.09"]
[Round "8"]
[White "Chatalbashev, Boris"]
[Black "Epishin, Vladimir"]
[Result "1/2-1/2"]
[WhiteElo "2518"]
[BlackElo "2579"]
[Annotator "Finkel,A"]
[PlyCount "76"]
[EventDate "2001.06.01"]
[EventType "swiss"]
[EventRounds "13"]
[EventCountry "YUG"]
[SourceTitle "CBM 084"]
[Source "ChessBase"]
[SourceDate "2001.09.13"]
[SourceVersion "1"]
[SourceVersionDate "2001.09.13"]
[SourceQuality "1"]

1. d4 Nf6 2. Nf3 g6 3. Nc3 d5 4. Bf4 c6 5. e3 Bg4 (5... Nbd7 6. h4 Bg7 7. Be2
a5 8. Ne5 a4 9. h5 Ne4 10. Nxe4 dxe4 11. Nc4 Nb6 12. Nd2 $14 {Pribyl,J-Habinak,
T/Prague 1986/EXT 97}) 6. Be2 (6. h3 Bxf3 7. Qxf3 Nbd7 8. Bd3 Bg7 9. g4 O-O 10.
h4 e5 11. dxe5 Ne8 12. Qg3 Qe7 $132 {Welling,G-Van der Wiel,J/Hilversum 1985/
EXT 99}) 6... Nbd7 (6... e6 7. a3 (7. O-O Bxf3 8. Bxf3 Bd6 9. Bg5 h6 10. Bh4 g5
11. Bg3 Bxg3 12. hxg3 h5 13. Qd3 g4 14. Be2 Nbd7 15. e4 $14 {Pedersen,
S-Stephan,A/MVP 2000/EXT 2001}) 7... Bd6 8. Ne5 Bxe2 9. Qxe2 Qc7 10. h4 Nbd7
11. Nxd7 Nxd7 12. Bxd6 Qxd6 13. h5 O-O-O $11 {Blatny,P-Zueger,B/Budapest 1991/
EXT 97}) (6... Bxf3 7. Bxf3 Bg7 (7... e6 8. O-O Bg7 9. Qd2 O-O 10. Rad1 Nbd7
11. e4 dxe4 12. Nxe4 Nxe4 13. Bxe4 e5 14. Bh6 $14 {Blatny,P-Groszpeter,A/
Kecskemet 1992/CBM 29}) 8. O-O O-O 9. Re1 Re8 10. Qd2 Nbd7 11. e4 dxe4 12. Nxe4
Nxe4 13. Bxe4 e5 $11 {Feletar,D-Cvitan,O/Pula 2000/CBM 76 ext}) 7. Ne5 Bxe2 8.
Qxe2 Bg7 (8... Qb6 9. O-O-O Bg7 10. h4 Nxe5 11. Bxe5 Rg8 12. g4 Nd7 13. Bxg7
Rxg7 14. e4 dxe4 15. Nxe4 O-O-O 16. d5 $14 {Hansen,L-Heinola,V/Copenhagen 2000/
CBM 77 ext}) 9. O-O-O e6 ({Very serious attention deserved} 9... Nh5 $1 10. g4
Nxf4 11. exf4 e6 12. Qe3 Qe7 13. Ne2 O-O-O $13 {and black has very good
chanses to sieze the initiative.}) 10. g4 $1 Rc8 $6 {After this move black has
to be careful to keep the balance} (10... Nb6 $5 {[%cal Gf6d7]} 11. h4 h5 12.
f3 Nfd7 $132) 11. h4 h5 12. f3 Nxe5 (12... Nb6 $5 13. e4 (13. g5 $6 Nfd7 14. e4
Nxe5 15. Bxe5 Bxe5 16. dxe5 Qe7 $13) 13... dxe4 14. Nxe4 Nfd5 15. Bg3 $36) 13.
Bxe5 Kf8 14. e4 (14. g5 Nd7 15. Bxg7+ Kxg7 16. e4 Re8 17. f4 dxe4 18. Nxe4 Qc7
$11) 14... hxg4 $5 15. fxg4 Nxe4 16. Nxe4 dxe4 17. Qxe4 (17. Bxg7+ Kxg7 18.
Qxe4 Qd5 (18... Rxh4 $6 19. Qe5+ Kg8 20. g5 $1 $36) 19. Qe5+ f6 20. Qxd5 exd5
$11) 17... Qd5 (17... Rxh4 18. Bxg7+ Kxg7 19. Qe5+ Kg8 20. g5 $36 {[%csl Rg8]})
18. Qf4 $1 $36 {[%csl Rf7][%cal Gd1f1]} (18. Qxd5 cxd5 19. Bxg7+ Kxg7 20. h5
Rh6 $15) 18... Qxa2 19. Rdf1 Qa1+ (19... f5 $2 20. Bxg7+ Kxg7 21. Qe5+ Kf7 22.
h5 $16 {[%csl Rf5]}) 20. Kd2 Qa5+ {[%csl Ge5] Taking under control square e5}
21. c3 f5 22. Bxg7+ Kxg7 23. h5 Qd5 {[%csl Rh1]} 24. Qg5 (24. h6+ Kh7 25. Kc1
c5 26. dxc5 Qxc5 27. Qg5 Rhe8 $13) 24... Rh6 25. gxf5 $6 (25. Qe7+ $1 Kg8 26.
Qxb7 Rf8 27. Qxa7 Qg2+ 28. Kc1 Qxg4 29. Qe7 $1 $16 (29. hxg6 $2 Rxh1 30. Rxh1
Qf4+ 31. Kc2 Qe4+ $19)) 25... exf5 26. Re1 $6 (26. Qe7+ Kg8 27. Qxb7 Re8 28.
Rhg1 $16) 26... Rc7 27. Rhg1 Qd6 28. Re5 $5 (28. Qxf5 Rf7 (28... Qh2+ 29. Re2
Qxg1 30. Qe5+ Kg8 31. Qxc7 Qg5+ 32. Kc2 Qf5+ 33. Kc1 $16) 29. Rxg6+ Rxg6 30.
Qxg6+ Qxg6 31. hxg6 Kxg6 $11) 28... Rf7 29. Kc1 Qf6 30. Qe3 Rxh5 31. Re6 f4 $1
32. Rxf6 $11 (32. Qe4 Rg5 $1 (32... Qf5 $2 33. Rexg6+ Kh7 34. Qg2 $18) 33. Rxf6
Rxg1+ 34. Kc2 Rxf6 $19) 32... fxe3 33. Rfxg6+ Kf8 34. Rg8+ Ke7 35. R8g3 Kd7 36.
Rxe3 Rh2 37. c4 Kc7 38. Rd3 Rd7 1/2-1/2